[Event "Berlin Eckbauer op 16th"]
[Site "Berlin"]
[Date "2013.11.18"]
[Round "7"]
[White "Zschaebitz, Klaus"]
[Black "Blasig, Thomas"]
[Result "1-0"]
[WhiteElo "2024"]
[BlackElo "1571"]
[PlyCount "96"]
[EventDate "2013.10.07"]
[EventType "swiss"]
[EventRounds "7"]
[EventCountry "GER"]
[SourceTitle "EXT 2022"]
[Source "ChessBase"]
[SourceDate "2021.10.06"]
[SourceVersion "1"]
[SourceVersionDate "2021.10.06"]
[SourceQuality "1"]

1. c4 g6 2. g3 Bg7 3. Nc3 d6 4. Bg2 c5 5. Nf3 Nc6 6. d3 Nf6 7. 0-0 0-0 8. Bg5 h6 9. Bd2 Be6 10. Qc1 Kh7 11. e4 Bg4 12. Nd5 Bxf3 13. Bxf3 Nxd5 14. cxd5 Nd4 15. Bd1 Qd7 16. a4 Qh3 17. Be3 h5 18. Bxd4 Bxd4 19. Qg5 f6 20. Qf4 Bxb2 21. Rb1 Be5 22. Qd2 Rab8 23. Bf3 b6 24. Rb3 Qd7 25. Qa2 a6 26. Rfb1 b5 27. Kg2 Kg7 28. Be2 Bd4 29. Qd2 b4 30. Bd1 a5 31. Qa2 Rh8 32. h3 e6 33. dxe6 Qxe6 34. Bf3 g5 35. g4 hxg4 36. Bxg4 Qe5 37. Rh1 d5 38. exd5 Qxd5+ 39. Bf3 Qf5 40. Rbb1 Qxd3 41. Qe6 Rhe8 42. Qd7+ Kg6 43. Rbd1 Rbd8 44. Qxe8+ Rxe8 45. Rxd3 Rd8 46. Rhd1 b3 47. Rxb3 c4 48. Rb5 c3 1-0

[Event "Berlin Eckbauer op 16th"]
[Site "Berlin"]
[Date "2013.10.21"]
[Round "3"]
[White "Bender, Sebastian1"]
[Black "Blasig, Thomas"]
[Result "1/2-1/2"]
[WhiteElo "1921"]
[BlackElo "1571"]
[PlyCount "129"]
[EventDate "2013.10.07"]
[EventType "swiss"]
[EventRounds "7"]
[EventCountry "GER"]
[SourceTitle "EXT 2022"]
[Source "ChessBase"]
[SourceDate "2021.10.06"]
[SourceVersion "1"]
[SourceVersionDate "2021.10.06"]
[SourceQuality "1"]

1. e4 c5 2. Nf3 g6 3. d4 cxd4 4. Nxd4 Nc6 5. c4 Nf6 6. Nc3 d6 7. Nc2 Bg7 8. Be2 0-0 9. 0-0 Be6 10. Bd2 a6 11. Kh1 Nd7 12. b3 Nd4 13. Nxd4 Bxd4 14. Bg4 Bxg4 15. Qxg4 Ne5 16. Qh3 Qc8 17. Qxc8 Rfxc8 18. Nd5 Kf8 19. Rad1 Nc6 20. Bh6+ Ke8 21. Rxd4 Nxd4 22. Nb6 Rab8 23. Nxc8 Rxc8 24. Rd1 Nc6 25. Be3 Ne5 26. f3 Nd7 27. Kg1 Ne5 28. Kf2 Nc6 29. Kg3 Nb4 30. Rd2 b5 31. a3 Nc6 32. cxb5 axb5 33. Rd5 Rb8 34. Kf4 f6 35. g4 Kd7 36. g5 e6 37. Rd1 f5 38. exf5 gxf5 39. h4 Ne7 40. Kg3 Rc8 41. Rc1 Ra8 42. Ra1 e5 43. Bd2 Ke6 44. a4 bxa4 45. bxa4 d5 46. a5 d4 47. Ra4 Kd5 48. h5 e4 49. fxe4+ fxe4 50. Kf2 Ra6 51. Ke2 Nf5 52. Be1 Ne3 53. Ra2 Nc4 54. Kd1 e3 55. Rg2 d3 56. g6 hxg6 57. hxg6 Nxa5 58. Bxa5 Ke4 59. Bc3 Rc6 60. Bb2 e2+ 61. Ke1 Rc2 62. g7 d2+ 63. Kxe2 d1Q+ 64. Kxd1 Rxg2 65. Kc1 1/2-1/2

[Event "Berlin Eckbauer op 15th"]
[Site "Berlin"]
[Date "2012.10.15"]
[Round "1.23"]
[White "Schmalzried, Volker"]
[Black "Blasig, Thomas"]
[Result "1-0"]
[WhiteElo "1886"]
[BlackElo "1537"]
[PlyCount "47"]
[EventDate "2012.10.15"]
[EventType "swiss"]
[EventRounds "7"]
[EventCountry "GER"]
[SourceTitle "EXT 2022"]
[Source "ChessBase"]
[SourceDate "2021.10.06"]
[SourceVersion "1"]
[SourceVersionDate "2021.10.06"]
[SourceQuality "1"]

1. c4 g6 2. Nc3 Bg7 3. d4 c5 4. Nf3 cxd4 5. Nxd4 Nc6 6. Nxc6 bxc6 7. Bd2 Nf6 8. g3 0-0 9. Bg2 Rb8 10. b3 d5 11. cxd5 cxd5 12. Rc1 Bb7 13. 0-0 d4 14. Na4 Bxg2 15. Kxg2 Qd5+ 16. Kg1 Ne4 17. Rc7 Nxd2 18. Qxd2 e5 19. Rxa7 Rfc8 20. Rc1 Bf8 21. Rxc8 Rxc8 22. Nb6 Bb4 23. Nxd5 Bxd2 24. Ne7+ 1-0

[Event "Berlin Eckbauer op 14th"]
[Site "Berlin"]
[Date "2011.11.28"]
[Round "7.20"]
[White "Strick, Gregor"]
[Black "Blasig, Thomas"]
[Result "1-0"]
[WhiteElo "1864"]
[BlackElo "1413"]
[PlyCount "65"]
[EventDate "2011.10.17"]
[EventType "swiss"]
[EventRounds "7"]
[EventCountry "GER"]
[SourceTitle "EXT 2022"]
[Source "ChessBase"]
[SourceDate "2021.10.06"]
[SourceVersion "1"]
[SourceVersionDate "2021.10.06"]
[SourceQuality "1"]

1. c4 e5 2. g3 Nf6 3. Bg2 Nc6 4. Nc3 Bb4 5. Nd5 0-0 6. Nxb4 Nxb4 7. a3 Nc6 8. e4 d6 9. Ne2 Bg4 10. f3 Bd7 11. 0-0 a5 12. d4 exd4 13. Nxd4 Ne5 14. Qc2 a4 15. Be3 Re8 16. Rfe1 Nc6 17. Rad1 Qc8 18. Nb5 Na5 19. Nd4 Nc6 20. Qc3 Nxd4 21. Bxd4 Re6 22. Bh3 Rxe4 23. fxe4 Bxh3 24. Bxf6 gxf6 25. Qxf6 Be6 26. Qg5+ Kh8 27. Rc1 b6 28. Rf1 Ra5 29. Qf6+ Kg8 30. Rc3 Qf8 31. Rf4 Rc5 32. Rcf3 Rxc4 33. Qxe6 1-0